000 00593nam a2200193 i 4500
001 62644
003 ES-MaACL
005 20230906164715.0
007 t|
008 031124s1950 sp ||||1| spa d
100 1 _aFernández Casado, Carlos.
_949558
245 1 0 _aResistencia /
_cpor Carlos Fernández Casado.
260 _aMadrid :
_bDossat,
_c1950 (
_fTip. Artística)
300 _a444 p., 1 lám. :
_bil. ;
_c25 cm.
490 1 _aTeoría General de Estructuras
830 0 _aTeoría General de Estructuras
_9230636
852 _aES-MaACL
_jC-15461
_bR.43358
999 _c62644
_d62644